[Event "SUI-chT Zuerich-Wollishofen"]
[Site "?"]
[Date "2009.02.22"]
[Round "1.1"]
[White "Pelletier, Yannick"]
[Black "Moor, Olivier"]
[Result "1-0"]
[WhiteElo "2558"]
[BlackElo "2368"]
[PlyCount "61"]
[EventDate "2009.??.??"]
[SourceDate "2001.01.01"]

1. Nf3 Nf6 2. c4 e6 3. g3 d5 4. d4 Be7 5. Bg2 O-O 6. O-O dxc4 7. Qc2 a6 8. a4
Bd7 9. Qxc4 Bc6 10. Nc3 b5 11. Qd3 b4 12. Nb1 Be4 13. Qd1 c5 14. dxc5 Nbd7 15.
Bg5 Nxc5 16. Qxd8 Rfxd8 17. Nbd2 Bd5 18. Rfc1 h6 19. Be3 Rac8 20. Ne5 Nfe4 21.
Nxe4 Nxe4 22. Nd3 Nf6 23. Bb6 Re8 24. Bc5 Bxc5 25. Nxc5 Rc6 26. Nd3 Rb6 27. Rc5
Ne4 28. Rc7 Nd2 29. Rd1 Nc4 30. e4 Rc6 31. Ra7 1-0

[Event "SUI-chT Wollishofen-Zuerich"]
[Site "?"]
[Date "2009.02.22"]
[Round "1.2"]
[White "Prusikin, Michael"]
[Black "Jenni, Florian"]
[Result "1-0"]
[WhiteElo "2552"]
[BlackElo "2492"]
[PlyCount "99"]
[EventDate "2009.??.??"]
[SourceDate "2001.01.01"]

1. d4 Nf6 2. c4 e6 3. Nf3 c5 4. d5 exd5 5. cxd5 d6 6. Nc3 g6 7. Bf4 Nh5 8. Bg5
Be7 9. Bh6 Bf8 10. Qc1 Bxh6 11. Qxh6 Qe7 12. e4 Nd7 13. Be2 Ne5 14. Nxe5 Qxe5
15. Bxh5 Qxh5 16. Qxh5 gxh5 17. O-O Bd7 18. f4 f6 19. e5 dxe5 20. Ne4 Rf8 21.
fxe5 fxe5 22. Rxf8+ Kxf8 23. Nxc5 Ke7 24. Re1 Bf5 25. Rxe5+ Kf6 26. Re2 Rd8 27.
Rd2 Ke5 28. Nxb7 Rxd5 29. Rxd5+ Kxd5 30. Kf2 h4 31. Ke3 Be4 32. g4 hxg3 33.
hxg3 Bb1 34. a3 Ba2 35. Na5 Kc5 36. b4+ Kb5 37. Kd4 h5 38. Kc3 Bd5 39. Nb3 Ka4
40. Nd4 a5 41. b5 Kxa3 42. b6 Ka2 43. Nb3 a4 44. Nc5 a3 45. Kc2 Ka1 46. Nb3+
Ka2 47. Nc1+ Ka1 48. Ne2 Be4+ 49. Kb3 Bb7 50. Nc3 1-0

[Event "SUI-chT Wollishofen-Zuerich"]
[Site "?"]
[Date "2009.02.22"]
[Round "1.4"]
[White "Hochstrasser, Michael"]
[Black "Brunner, Lucas"]
[Result "0-1"]
[WhiteElo "2358"]
[BlackElo "2475"]
[PlyCount "86"]
[EventDate "2009.??.??"]
[SourceDate "2001.01.01"]

1. d4 Nf6 2. c4 e6 3. Nc3 Bb4 4. e3 O-O 5. Bd3 d5 6. a3 Be7 7. Nf3 c5 8. O-O
Nc6 9. dxc5 Bxc5 10. b4 Bb6 11. Bb2 Qe7 12. cxd5 exd5 13. b5 Na5 14. Qa4 Be6
15. Qh4 h6 16. Ne2 Bd8 17. Nf4 Rc8 18. Rac1 Rxc1 19. Rxc1 Nb3 20. Rd1 Nc5 21.
Bb1 Qe8 22. Nxe6 fxe6 23. a4 Nfe4 24. Qg4 Qf7 25. Ba3 h5 26. Qf4 Qxf4 27. exf4
Rxf4 28. Bxc5 Nxc5 29. Rd4 Rxd4 30. Nxd4 Bf6 31. Ne2 Nxa4 32. Nf4 Nc3 33. Bc2
Kf7 34. b6 axb6 35. Nxh5 b5 36. Nf4 e5 37. Nd3 e4 38. Nc1 Ke6 39. Kf1 d4 40. f3
d3 41. Bb3+ Ke5 42. fxe4 Kd4 43. Na2 d2 0-1

[Event "SUI-chT Zuerich-Wollishofen"]
[Site "?"]
[Date "2009.02.22"]
[Round "1.5"]
[White "Hug, Werner"]
[Black "Moor, Roger"]
[Result "1-0"]
[WhiteElo "2455"]
[BlackElo "2337"]
[PlyCount "67"]
[EventDate "2009.??.??"]
[SourceDate "2001.01.01"]

1. d4 Nf6 2. Nf3 e6 3. Bg5 h6 4. Bh4 c5 5. e3 cxd4 6. exd4 b6 7. Bd3 Be7 8.
Bxf6 Bxf6 9. Nbd2 Ba6 10. Ne4 Be7 11. Bxa6 Nxa6 12. O-O Nb4 13. c3 Nd5 14. Ne5
Nf6 15. Re1 a6 16. Qf3 d5 17. Nxf6+ Bxf6 18. Nd3 O-O 19. Rad1 a5 20. Qg4 g6 21.
g3 Bg7 22. Re3 Rc8 23. h4 h5 24. Qe2 Re8 25. Kg2 Bh6 26. f4 Kf8 27. Re1 Bg7 28.
Qf3 Bf6 29. f5 gxf5 30. Qxh5 Bg7 31. g4 fxg4 32. Qxg4 Ke7 33. Rxe6+ fxe6 34.
Qxe6+ 1-0

[Event "SUI-chT Wollishofen-Zuerich"]
[Site "?"]
[Date "2009.02.22"]
[Round "1.6"]
[White "Maeser, Fabian"]
[Black "Vogt, Lothar"]
[Result "1/2-1/2"]
[WhiteElo "2303"]
[BlackElo "2458"]
[PlyCount "42"]
[EventDate "2009.??.??"]
[SourceDate "2001.01.01"]

1. e4 c5 2. Nf3 e6 3. c3 d5 4. exd5 Qxd5 5. d4 Nf6 6. Be3 cxd4 7. cxd4 Nc6 8.
Nc3 Qd6 9. a3 g6 10. Qd2 Bg7 11. Bf4 Qd7 12. Bb5 O-O 13. Ne5 Qe8 14. Bxc6 bxc6
15. O-O Nd5 16. Bh6 Bxh6 17. Qxh6 f6 18. Nd3 Nxc3 19. bxc3 Ba6 20. Rfd1 Bxd3
21. Rxd3 Rf7 1/2-1/2

[Event "SUI-chT Zuerich-Wollishofen"]
[Site "?"]
[Date "2009.02.22"]
[Round "1.7"]
[White "Goldstern, Filip"]
[Black "Fierz, Martin"]
[Result "0-1"]
[WhiteElo "2359"]
[BlackElo "2304"]
[PlyCount "78"]
[EventDate "2009.??.??"]
[SourceDate "2001.01.01"]

1. d4 d5 2. Nf3 Nf6 3. c4 c6 4. Nc3 a6 5. c5 Nbd7 6. Bf4 Nh5 7. e3 Nxf4 8. exf4
b6 9. b4 Qc7 10. g3 a5 11. b5 bxc5 12. bxc6 Qxc6 13. Ne5 Qe6 14. Nb5 Qb6 15.
Rb1 e6 16. Bg2 Nxe5 17. dxe5 Qc6 18. f5 Rb8 19. a4 c4 20. O-O Bb4 21. fxe6 Bxe6
22. Bxd5 Bxd5 23. Qxd5 Qxd5 24. Nc7+ Ke7 25. Nxd5+ Ke6 26. Ne3 c3 27. f4 Bc5
28. Kf2 Rb2+ 29. Kf3 Bxe3 30. Kxe3 Rhb8 31. Rbc1 R8b3 32. Kd4 Rd2+ 33. Kc4 Rb4+
34. Kxc3 Rxh2 35. Rce1 g6 36. Rh1 Rg2 37. Reg1 Rxg1 38. Rxg1 Rxa4 39. Kb3 Re4
0-1

[Event "SUI-chT Wollishofen-Zuerich"]
[Site "?"]
[Date "2009.02.22"]
[Round "1.8"]
[White "Kupper, Patrick"]
[Black "Gruenenwald, Joerg"]
[Result "1/2-1/2"]
[WhiteElo "2310"]
[BlackElo "2331"]
[PlyCount "95"]
[EventDate "2009.??.??"]
[SourceDate "2001.01.01"]

1. e4 c5 2. c3 Nf6 3. e5 Nd5 4. Nf3 Nc6 5. d4 cxd4 6. cxd4 d6 7. Bc4 e6 8. O-O
Be7 9. exd6 Qxd6 10. Nc3 Nxc3 11. bxc3 O-O 12. Re1 b6 13. Ng5 Bd7 14. Qh5 Bxg5
15. Bxg5 f6 16. Bh4 Ne7 17. Bg3 Qc6 18. Bb3 Qxc3 19. Rac1 Qb4 20. d5 Qa5 21.
Bd6 Rfe8 22. dxe6 Qxh5 23. exd7+ Kh8 24. dxe8=Q+ Rxe8 25. Rxe7 Rxe7 26. Bxe7
Qf5 $11 27. Rd1 h5 28. h3 Qe4 29. Bf8 h4 30. Kf1 Qe8 31. Bd6 Qb5+ 32. Kg1 Qe2
33. Bc7 Kh7 34. Bf4 a5 35. Rd2 Qe1+ 36. Kh2 Qe7 37. Bc2+ g6 38. Be3 Qe5+ 39.
Kg1 Qa1+ 40. Kh2 Qe5+ 41. Kg1 Qa1+ 42. Rd1 Qxa2 43. Rd7+ Kg8 44. Bxg6 Qa1+ 45.
Kh2 Qe5+ 46. Kg1 Qa1+ 47. Kh2 Qe5+ 48. Kg1 1/2-1/2

[Event "SUI-chT Mendrisio-Winterthur"]
[Site "?"]
[Date "2009.04.25"]
[Round "1.1"]
[White "Godena, Michele"]
[Black "Forster, Richard"]
[Result "1-0"]
[WhiteElo "2537"]
[BlackElo "2448"]
[PlyCount "133"]
[EventDate "2009.04.29"]
[SourceDate "2001.01.01"]

1. e4 c5 2. c3 d5 3. exd5 Qxd5 4. d4 g6 5. Nf3 Bg7 6. Na3 Nf6 7. Bc4 Qe4+ 8.
Be3 O-O 9. O-O cxd4 10. Bxd4 Nc6 11. Re1 Qf4 12. Be3 Qb8 13. h3 a6 14. Nd4 Na5
15. Bf1 Qc7 16. Nb3 Be6 17. Nxa5 Qxa5 18. Bd4 Rac8 19. Nc2 Rfd8 20. Qf3 Rd7 21.
Be5 Qb6 22. Nd4 Bd5 23. Qe2 Bc4 24. Qd2 Bxf1 25. Kxf1 Rc5 26. Qc2 Rdd5 27. b4
Rc8 $11 28. Qb3 e6 29. Kg1 Nd7 30. Bxg7 Kxg7 31. Rad1 Nf6 32. a4 a5 33. bxa5
Qxb3 34. Nxb3 Rxc3 35. Rxd5 Nxd5 36. Rb1 Rc4 37. Nd2 Rxa4 38. Rxb7 Rxa5 39. Ne4
Ra1+ 40. Kh2 Ra8 41. Ng5 Ra2 42. Kg3 Ra3+ 43. f3 Ne3 44. Rxf7+ Kg8 45. Rb7 Ra2
46. Nxe6 h6 47. Kf4 Nxg2+ 48. Ke5 Ra5+ 49. Kf6 Rf5+ 50. Kxg6 Nh4+ 51. Kxh6 Nxf3
52. Rg7+ Kh8 53. Rh7+ Kg8 54. Re7 Rf6+ 55. Kh5 Rf7 56. Re8+ Kh7 57. h4 Ra7 58.
Kg4 Rf7 59. Nd8 Rf6 60. Re7+ Kg8 61. h5 Nd4 62. Kg5 Rd6 63. Nf7 Ne6+ 64. Kf6
Nf8+ 65. Nxd6 Kh8 66. Re8 Kg8 67. h6 1-0

[Event "SUI-chT Winterthur-Mendrisio"]
[Site "?"]
[Date "2009.04.25"]
[Round "1.2"]
[White "Jussupow, Artur"]
[Black "Glek, Igor"]
[Result "1-0"]
[WhiteElo "2578"]
[BlackElo "2524"]
[PlyCount "169"]
[EventDate "2009.04.29"]
[SourceDate "2001.01.01"]

1. d4 Nf6 2. c4 g6 3. Nc3 Bg7 4. e4 d6 5. f3 O-O 6. Nge2 a6 7. Bg5 Nbd7 8. Ng3
h6 9. Be3 h5 10. Be2 e6 11. O-O c5 12. Qd2 b6 13. Rfd1 Bb7 14. Rac1 Re8 15. Nh1
Rc8 16. Nf2 Qe7 17. dxc5 dxc5 18. Bf4 Red8 19. Qe3 Nh7 20. Bd6 Qf6 21. e5 Nxe5
22. Nce4 Bxe4 23. Nxe4 Qf5 24. Ng3 Qf6 25. Ne4 Qf5 26. Ng3 Qg5 27. Qxg5 Nxg5
28. f4 h4 29. Bxe5 Bxe5 30. fxe5 hxg3 31. hxg3 Kg7 32. Kf2 f5 33. exf6+ Kxf6
34. Ke3 Nf7 35. Rh1 Rd4 36. Rcf1+ Kg7 37. b3 Rcd8 38. g4 Ng5 39. Bf3 e5 40. Bd5
Rxg4 41. Rf2 Rg3+ 42. Ke2 b5 43. Re1 e4 44. Kd2 bxc4 45. bxc4 Rb8 46. Kc1 Rb6
47. Ref1 Rc3+ 48. Kd2 Ra3 49. Kc1 e3 50. Rb2 Rc3+ 51. Rc2 Rd3 52. Re1 Ne6 53.
Be4 Nf4 54. g3 e2 55. Bxd3 Nxd3+ 56. Kd2 Nxe1 57. Kxe1 Kf6 58. Kxe2 Rb4 59. Kd3
Kf5 60. Rf2+ Kg5 61. Rf8 Ra4 62. Rc8 Rxa2 63. Rxc5+ Kg4 64. Re5 Ra3+ 65. Kd4
Rxg3 66. c5 Rg1 67. c6 Rd1+ 68. Kc5 Rc1+ 69. Kb6 g5 70. Rc5 Rh1 71. Ka7 Rf1 72.
c7 Rf7 73. Kxa6 Rxc7 74. Rxc7 Kf3 75. Rf7+ Ke4 76. Rg7 Kf4 77. Kb5 g4 78. Kc4
g3 79. Kd3 Kf3 80. Rf7+ Kg2 81. Ke2 Kg1 82. Rg7 g2 83. Rg8 Kh2 84. Kf2 Kh1 85.
Rh8# 1-0

[Event "SUI-chT Mendrisio-Winterthur"]
[Site "?"]
[Date "2009.04.25"]
[Round "1.3"]
[White "Bellini, Fabio"]
[Black "Sutter, Oliver"]
[Result "1-0"]
[WhiteElo "2486"]
[BlackElo "2380"]
[PlyCount "65"]
[EventDate "2009.04.29"]
[SourceDate "2001.01.01"]

1. e4 c6 2. c4 d5 3. exd5 cxd5 4. cxd5 Nf6 5. Nc3 Nxd5 6. Nf3 Nc6 7. Bb5 e6 8.
O-O Be7 9. d4 O-O 10. Re1 Bd7 11. Nxd5 exd5 12. Qb3 Be6 13. Bxc6 bxc6 14. Ne5
Rc8 15. Qg3 Bf6 16. Bd2 Qb6 17. Bc3 a5 18. Re3 Kh8 19. Rae1 Qb5 20. Rf3 Qa4 21.
Nd3 Be7 22. a3 Rce8 23. h3 Qb5 24. Nc5 Bxc5 25. dxc5 f6 26. Qd6 Bf7 27. Rxe8
Rxe8 28. Bxf6 Qe2 29. Bxg7+ Kxg7 30. Qf6+ Kg8 31. Qxf7+ Kh8 32. Qf6+ Kg8 33.
Rg3+ 1-0

[Event "SUI-chT Winterthur-Mendrisio"]
[Site "?"]
[Date "2009.04.25"]
[Round "1.4"]
[White "Kelecevic, Nedeljko"]
[Black "Sedina, Yelena"]
[Result "1-0"]
[WhiteElo "2349"]
[BlackElo "2380"]
[PlyCount "69"]
[EventDate "2009.04.29"]
[SourceDate "2001.01.01"]

1. d4 d5 2. Nf3 Nf6 3. c4 c6 4. e3 Bf5 5. Nc3 e6 6. Be2 Nbd7 7. Nh4 Bg6 8. Nxg6
hxg6 9. Qc2 Be7 10. Bd2 Qc7 11. h3 g5 12. O-O-O dxc4 13. Bxc4 Nb6 14. Be2 Nbd5
15. Kb1 Nxc3+ 16. Bxc3 Nd5 17. Bd2 e5 18. Bf3 Rd8 19. Bxd5 Rxd5 20. dxe5 Rxe5
21. Bc3 Rc5 22. Qd3 Rd5 23. Qe4 Rxd1+ 24. Rxd1 O-O 25. Be5 Qc8 26. Bxg7 Rd8 27.
Bd4 Bf6 28. Kc1 Bxd4 29. Rxd4 Rxd4 30. Qxd4 Qe6 31. b3 Kh7 32. Qxa7 Qf6 33.
Qxb7 Qxf2 34. Qxc6 Qxe3+ 35. Kb2 1-0

[Event "SUI-chT Mendrisio-Winterthur"]
[Site "?"]
[Date "2009.04.25"]
[Round "1.5"]
[White "Mantovani, Renzo"]
[Black "Huss, Andreas"]
[Result "1/2-1/2"]
[WhiteElo "2342"]
[BlackElo "2338"]
[PlyCount "89"]
[EventDate "2009.04.29"]
[SourceDate "2001.01.01"]

1. Nf3 Nf6 2. c4 e6 3. g3 d5 4. Bg2 Be7 5. d4 O-O 6. O-O c6 7. Qc2 b6 8. Nbd2
Ba6 9. Re1 Nbd7 10. e4 Rc8 11. b3 Bb7 12. Bb2 Qc7 13. Rad1 Qb8 14. Ne5 Rfd8 15.
Qb1 Bb4 16. Re2 Bxd2 17. Nxd7 Rxd7 18. Rexd2 Nxe4 19. Bxe4 dxe4 20. Qxe4 Rcd8
21. Qe3 Qd6 22. Bc3 c5 23. Kf1 cxd4 24. Rxd4 Qc6 25. Rxd7 Rxd7 26. Rxd7 Qxd7
27. Qd4 Qxd4 28. Bxd4 Be4 29. Ke2 f6 30. f4 Kf7 31. b4 Ke7 32. Ke3 Bg2 33. a4
Kd7 34. g4 Bf1 35. c5 bxc5 36. Bxc5 a6 37. Bf8 g6 38. Bg7 f5 39. g5 Bc4 40. Kd4
Bb3 41. b5 Bxa4 42. bxa6 Kc6 43. Ke5 Kb6 44. h4 Bd1 45. Kxe6 1/2-1/2

[Event "SUI-chT Winterthur-Mendrisio"]
[Site "?"]
[Date "2009.04.25"]
[Round "1.6"]
[White "Ballmann, Martin"]
[Black "Aranovitch, Emiliano"]
[Result "1/2-1/2"]
[WhiteElo "2395"]
[BlackElo "2375"]
[PlyCount "89"]
[EventDate "2009.04.29"]
[SourceDate "2001.01.01"]

1. d4 Nf6 2. Nf3 d6 3. Bg5 Nbd7 4. e3 h6 5. Bh4 g5 6. Bg3 Nh5 7. Bd3 Bg7 8.
Nbd2 e6 9. c3 Qe7 10. Ng1 Ndf6 11. Qa4+ Bd7 12. Qa3 O-O 13. Ne2 a5 14. e4 Nxg3
15. hxg3 b5 16. Qb3 Rfb8 17. Bb1 e5 18. O-O c5 19. dxc5 dxc5 20. a4 c4 21. Qc2
Be6 22. axb5 Qc5 23. Ra4 Qxb5 24. Ba2 Qxb2 25. Rc1 Bd7 26. Rxc4 Be6 27. Ra4 Bd7
28. Rc4 Qxc2 29. Rxc2 Bb5 30. f3 Bxc4 31. Nxc4 Ne8 32. Nc1 Rd8 33. Nb6 Rab8 34.
Nd5 Bf8 35. Nd3 Bd6 36. c4 Rdc8 37. c5 Kh7 38. Rc3 Bf8 39. Bb3 f6 40. Ba4 Kg7
41. Bd7 Rd8 42. c6 Bd6 43. Nc5 Bxc5+ 44. Rxc5 Ra8 45. Bxe8 1/2-1/2

[Event "SUI-chT Mendrisio-Winterthur"]
[Site "?"]
[Date "2009.04.25"]
[Round "1.7"]
[White "Vezzosi, Paolo"]
[Black "Nuri, Kambez"]
[Result "1-0"]
[WhiteElo "2374"]
[BlackElo "2165"]
[PlyCount "73"]
[EventDate "2009.04.29"]
[SourceDate "2001.01.01"]

1. d4 Nf6 2. c4 g6 3. Nc3 Bg7 4. e4 d6 5. Be2 O-O 6. Be3 Nbd7 7. f4 e5 8. fxe5
dxe5 9. d5 Qe7 10. Nh3 Nc5 11. Nf2 a5 12. O-O Ne8 13. Nd3 Nxd3 14. Qxd3 b6 15.
c5 Ba6 16. Qc2 Bxe2 17. Qxe2 bxc5 18. Rac1 Nf6 19. Bg5 h6 20. Bh4 Rfb8 21. Na4
Qd6 22. Nxc5 Nh5 23. Kh1 c6 24. Qf2 f6 25. Ne6 cxd5 26. Nc7 dxe4 27. Nxa8 Rxa8
28. Rfd1 Qe6 29. Qe2 f5 30. Qb5 Nf4 31. Rd7 Bf8 32. Bg3 Ne2 33. Rc6 Nxg3+ 34.
hxg3 Qe8 35. Qd5+ Kh8 36. Re6 Qb8 37. Rxg6 1-0

[Event "SUI-chT Winterthur-Mendrisio"]
[Site "?"]
[Date "2009.04.25"]
[Round "1.8"]
[White "Schiendorfer, Emanuel"]
[Black "Salvetti, Alec"]
[Result "0-1"]
[WhiteElo "2256"]
[BlackElo "2304"]
[PlyCount "168"]
[EventDate "2009.04.29"]
[SourceDate "2001.01.01"]

1. d4 e6 2. Nf3 c5 3. c4 cxd4 4. Nxd4 a6 5. Nc3 Nf6 6. g3 Qc7 7. Qa4 b6 8. Bg2
Bb7 9. Bf4 Qc8 10. Bxb7 Qxb7 11. O-O Bc5 12. Rfd1 O-O 13. b4 Be7 14. Qb3 d6 15.
Nf3 Rd8 16. Rd2 h6 17. Rad1 Ne8 18. Be3 Nc6 19. a3 b5 20. Nd4 bxc4 21. Qxc4 Ne5
22. Qb3 Rac8 23. Rc2 Nc4 24. Nb1 Nxe3 25. Qxe3 Rxc2 26. Nxc2 Rc8 27. Qd3 d5 28.
Nd4 Nd6 29. Nd2 Bf6 30. N2b3 Ne4 31. Rc1 Rxc1+ 32. Nxc1 e5 33. Ndb3 Qc6 34. Na2
Bd8 35. e3 Bb6 36. Nd2 Nxd2 37. Qxd2 Qc4 38. Nc1 f5 39. Ne2 Kf7 40. Kf1 Ke6 41.
Ke1 g5 42. h3 Bc7 43. Qd1 h5 44. Qd2 g4 45. hxg4 hxg4 46. Qc1 Qxc1+ 47. Nxc1
Bb6 48. Ke2 d4 49. Nd3 dxe3 50. fxe3 Kd5 51. a4 Ba7 52. b5 a5 53. Kf2 Ke4 54.
Ke2 Kd5 55. Kf2 Bb6 56. Ke2 Bc7 57. Kf2 Kc4 58. Ke2 e4 59. Nf4 Kb3 60. Nd5 Bxg3
61. Nf4 Bh4 62. Ne6 Kxa4 63. b6 Be7 64. b7 Bd6 65. Nd4 Bc7 66. Kf2 f4 67. Ne6
fxe3+ 68. Kxe3 Bb8 69. Kxe4 Kb5 70. Nd4+ Kb6 71. Nb3 a4 72. Nd2 Kxb7 73. Kd4
Kc6 74. Kc4 Bd6 75. Ne4 Be7 76. Ng3 a3 77. Kb3 Kd5 78. Nf5 Bc5 79. Ng3 Ke5 80.
Nh5 Ke4 81. Nf6+ Kf3 82. Nd7 Bd4 83. Nf8 g3 84. Ne6 Be3 0-1

[Event "SUI-chT Zuerich-Bodan"]
[Site "Schweiz"]
[Date "2009.03.22"]
[Round "2.2"]
[White "Jenni, Florian"]
[Black "Knoedler, Dieter"]
[Result "1/2-1/2"]
[WhiteElo "2492"]
[BlackElo "2359"]
[PlyCount "62"]
[EventDate "2009.03.22"]
[EventCountry "SUI"]
[SourceDate "2001.01.01"]

1. e4 e6 2. d4 d5 3. Nc3 Bb4 4. e5 c5 5. a3 Bxc3+ 6. bxc3 Ne7 7. a4 Nbc6 8. Nf3
Qa5 9. Bd2 Bd7 10. Bb5 a6 11. Be2 f6 12. c4 Qc7 13. cxd5 Nxd5 14. exf6 gxf6 15.
c3 O-O-O 16. O-O Rdg8 17. Re1 h5 18. Bf1 Rg7 19. Kh1 Nd8 20. c4 Ne7 21. Bc3 Ng6
22. d5 e5 23. Bd3 Nf7 24. Nd2 Nf4 25. Bf1 Rh6 26. g3 Nh3 27. Ne4 h4 28. Qd2
hxg3 29. fxg3 Rgh7 30. Qe3 Bf5 31. Ra2 Bxe4+ 1/2-1/2

[Event "SUI-chT Bodan-Zuerich"]
[Site "Schweiz"]
[Date "2009.03.22"]
[Round "2.3"]
[White "Modler, Andreas"]
[Black "Brunner, Lucas"]
[Result "1/2-1/2"]
[WhiteElo "2257"]
[BlackElo "2475"]
[PlyCount "63"]
[EventDate "2009.03.22"]
[EventCountry "SUI"]
[SourceDate "2001.01.01"]

1. d4 Nf6 2. c4 e6 3. Nf3 b6 4. g3 Bb7 5. Bg2 Bb4+ 6. Bd2 Be7 7. Nc3 O-O 8. O-O
d5 9. cxd5 exd5 10. Ne5 Na6 11. Qa4 Qe8 12. Qb3 Rd8 13. Bg5 c5 14. Bxf6 Bxf6
15. Nxd5 Bxd5 16. Bxd5 cxd4 17. Ng4 Be7 18. Bc4 Nc5 19. Qf3 Bd6 20. h4 Kh8 21.
Qf5 f6 22. h5 g6 23. hxg6 hxg6 24. Qf3 Qe4 25. Qxe4 Nxe4 26. Rfd1 f5 27. Nh2
Bc5 28. Bd3 Kg7 29. Nf3 a5 30. a4 Kf6 31. Kg2 Ng5 32. Nxg5 1/2-1/2

[Event "SUI-chT Zuerich-Bodan"]
[Site "Schweiz"]
[Date "2009.03.22"]
[Round "2.4"]
[White "Vogt, Lothar"]
[Black "Schmid, Michael"]
[Result "1-0"]
[WhiteElo "2458"]
[BlackElo "2208"]
[PlyCount "161"]
[EventDate "2009.03.22"]
[EventCountry "SUI"]
[SourceDate "2001.01.01"]

1. e4 e6 2. d3 d5 3. Nd2 Nf6 4. Ngf3 dxe4 5. dxe4 Bc5 6. Bd3 e5 7. O-O Qe7 8.
Nc4 Nbd7 9. c3 a5 10. Bg5 O-O 11. a4 Re8 12. Qe2 c6 13. h3 Bd6 14. Nxd6 Qxd6
15. Nd2 h6 16. Nc4 Qe7 17. Bh4 Nf8 18. Qf3 g5 19. Bg3 Ng6 20. Nb6 Rb8 21. Nxc8
Rbxc8 22. Rfd1 Kg7 23. Qe3 Nf4 24. Bf1 Qc7 25. f3 Rb8 26. Bf2 b6 27. Rd2 Red8
28. Rad1 c5 29. g3 Ng6 30. Rd3 Kf8 31. b4 Rxd3 32. Qxd3 axb4 33. cxb4 cxb4 34.
Qb5 Qc2 35. Qxb4+ Kg7 36. Rd2 Qc1 37. Qb2 Qc7 38. Qc2 Qe7 39. Qb3 Qc7 40. Qb5
Nf8 41. Qb4 N8d7 42. Qd6 Qxd6 43. Rxd6 Kf8 44. Bb5 Ke7 45. Rc6 Ne8 46. Rxh6 Nd6
47. Bxd7 Kxd7 48. Rh5 Nc4 49. Rxg5 Ra8 50. h4 Rxa4 51. h5 Ra8 52. h6 Rh8 53.
Rh5 Rh7 54. Kf1 Ke6 55. Ke2 f6 56. f4 exf4 57. gxf4 Nd6 58. f5+ Kd7 59. Kd3 Nf7
60. Bd4 Ke7 61. Be3 Kd6 62. Bf4+ Kc6 63. Rh1 Nd6 64. Rc1+ Kd7 65. Ra1 Kc6 66.
Rg1 Rh8 67. Rg6 Ne8 68. Kd4 Kd7 69. Kd5 Rh7 70. Rg1 Re7 71. Ra1 Kc8 72. Kc6 Nc7
73. Kxb6 Rxe4 74. Bxc7 Rh4 75. Ra8+ Kd7 76. Rd8+ Ke7 77. Rh8 Kf7 78. Kc6 Rc4+
79. Kd7 Rd4+ 80. Kc8 Rd8+ 81. Rxd8 1-0

[Event "SUI-chT Zuerich-Bodan"]
[Site "Schweiz"]
[Date "2009.03.22"]
[Round "2.6"]
[White "Gruenenwald, Joerg"]
[Black "Pluess, Peter"]
[Result "1/2-1/2"]
[WhiteElo "2331"]
[BlackElo "2174"]
[PlyCount "48"]
[EventDate "2009.03.22"]
[EventCountry "SUI"]
[SourceDate "2001.01.01"]

1. d4 c5 2. d5 e5 3. e4 d6 4. Bb5+ Nd7 5. a4 g6 6. Nf3 Qf6 7. Na3 Bh6 8. Bxh6
Nxh6 9. Qd2 Qg7 10. O-O f6 11. a5 Nf7 12. b4 O-O 13. Bxd7 Bxd7 14. bxc5 dxc5
15. Qc3 Nd6 16. Qxc5 Nxe4 17. Qb4 f5 18. Qxb7 Nc3 19. Nxe5 Qxe5 20. Qxd7 Rf7
21. Qe6 Re8 22. Qxe5 Rxe5 23. Rfe1 Rxd5 24. Nc4 Rc7 1/2-1/2

[Event "SUI-chT Bodan-Zuerich"]
[Site "Schweiz"]
[Date "2009.03.22"]
[Round "2.7"]
[White "Monteforte, Klaus"]
[Black "Goldstern, Filip Daniel"]
[Result "1-0"]
[WhiteElo "2075"]
[BlackElo "2359"]
[PlyCount "81"]
[EventDate "2009.03.22"]
[EventCountry "SUI"]
[SourceDate "2001.01.01"]

1. d4 g6 2. c3 Bg7 3. Bg5 h6 4. Bh4 c5 5. e3 Qc7 6. Nd2 d6 7. Bd3 Nf6 8. f4
cxd4 9. Bxf6 Bxf6 10. exd4 d5 11. Qf3 e6 12. Ne2 Nc6 13. O-O Bd7 14. Qe3 Ne7
15. Nf3 Nf5 16. Qd2 O-O-O 17. Ne5 Be8 18. Rf3 Kb8 19. Re1 Bh4 20. g3 Be7 21. g4
Nd6 22. Ng3 f5 23. Rff1 Ne4 24. Nxe4 fxe4 25. Be2 g5 26. f5 Bd6 27. fxe6 Bxe5
28. dxe5 Qxe5 29. Qd4 Qxd4+ 30. cxd4 Rd6 31. Rf5 Kc7 32. Rc1+ Rc6 33. Rcf1 Kd6
34. Re5 Rc2 35. e7 Rc8 36. Rf6+ Kd7 37. Bb5+ Kc7 38. Rxd5 Bxb5 39. Rxb5 Rce8
40. Re5 Rh7 41. Rfe6 1-0

[Event "SUI-chT Zuerich-Bodan"]
[Site "Schweiz"]
[Date "2009.03.22"]
[Round "2.8"]
[White "Friedrich, Norbert"]
[Black "Panek, Dietmar"]
[Result "1-0"]
[WhiteElo "2324"]
[BlackElo "1964"]
[PlyCount "109"]
[EventDate "2009.03.22"]
[EventCountry "SUI"]
[SourceDate "2001.01.01"]

1. e4 d5 2. exd5 Qxd5 3. Nc3 Qa5 4. Nf3 Nf6 5. d4 Bg4 6. h3 Bh5 7. g4 Bg6 8. b4
Qb6 9. g5 Nfd7 10. Nd5 Qe6+ 11. Ne3 Qb6 12. b5 c6 13. Rb1 e6 14. Bd2 Qc7 15.
Bg2 Be7 16. bxc6 bxc6 17. O-O O-O 18. Nc4 Be4 19. Qc1 Re8 20. Bf4 Qc8 21. Nd6
Bxd6 22. Bxd6 Qa6 23. Re1 Bd5 24. a3 Nb6 25. Ne5 Bxg2 26. Kxg2 Nc4 27. Bxb8
Raxb8 28. Rxb8 Rxb8 29. Nxf7 Rf8 30. Ne5 Qxa3 31. Qxa3 Nxa3 32. Nxc6 Nxc2 33.
Rc1 Na3 34. Nxa7 Ra8 35. Rc8+ Rxc8 36. Nxc8 Nb5 37. d5 exd5 38. Ne7+ Kf7 39.
Nxd5 Ke6 40. Ne3 Nd6 41. h4 h6 42. gxh6 gxh6 43. Kf3 Kf6 44. Kg4 Kg6 45. h5+
Kf6 46. Kf4 Nf7 47. Ng4+ Kg7 48. Kf5 Nd6+ 49. Ke5 Nf7+ 50. Kf5 Nd6+ 51. Ke6 Ne4
52. Ke7 Ng5 53. f4 Ne4 54. f5 Ng5 55. f6+ 1-0

[Event "SUI-chT Wollishofen-Joueur"]
[Site "?"]
[Date "2009.03.22"]
[Round "2.1"]
[White "Prusikin, Michael"]
[Black "Chernuschevich, Alexei"]
[Result "1-0"]
[WhiteElo "2552"]
[BlackElo "2526"]
[PlyCount "139"]
[EventDate "2009.??.??"]
[SourceDate "2001.01.01"]

1. d4 Nf6 2. c4 e6 3. Nf3 d5 4. Nc3 Be7 5. Bf4 O-O 6. e3 Nbd7 7. c5 Nh5 8. Bd3
Nxf4 9. exf4 c6 10. Qc2 g6 11. O-O b6 12. b4 a5 13. a3 axb4 14. axb4 Rxa1 15.
Rxa1 Qc7 16. g3 bxc5 17. bxc5 Bb7 18. Ne2 Ra8 19. Rxa8+ Bxa8 20. Qa4 Bb7 21.
Nc1 f6 22. Nb3 Bd8 23. Qa1 Bc8 24. Kg2 Qb8 25. Qa4 Qc7 26. h4 Kg7 27. Bc2 Kf7
28. h5 Kg7 29. hxg6 hxg6 30. Nc1 Bb7 31. Qb3 Ba6 32. Qb1 Nf8 33. Bd3 Qb7 34.
Qc2 Bxd3 35. Nxd3 Nd7 36. Qa4 Nb8 37. Nb4 Bc7 38. Kg1 Kf7 39. Kh2 Ke7 40. Kg2
Qb5 41. Qa3 Ba5 42. Nd3 Nd7 43. g4 Bc7 44. g5 f5 45. Nh4 Nf8 46. Qa7 Qb8 47.
Qa6 Bxf4 48. Nf3 Nd7 49. Qxc6 Bc7 50. Nh4 Nf8 51. Kf3 Kd8 52. Qa4 Qb1 53. Ke2
Qg1 54. Qa8+ Ke7 55. Qb7 Kd8 56. Qa8+ Ke7 57. Qb7 Kd8 58. Nb4 Qg4+ 59. f3 Qg3
60. Nc6+ Ke8 61. Kd3 Qh2 62. Kc3 Qf4 63. Qc8+ Kf7 64. Qxf8+ Kxf8 65. Nxg6+ Kg7
66. Nxf4 Bxf4 67. Nd8 Bb8 68. c6 e5 69. c7 Bxc7 70. Ne6+ 1-0

[Event "SUI-chT Joueur-Wollishofen"]
[Site "?"]
[Date "2009.03.22"]
[Round "2.2"]
[White "Sermier, Guillaume"]
[Black "Carron, Julien"]
[Result "1-0"]
[WhiteElo "2397"]
[BlackElo "2411"]
[PlyCount "83"]
[EventDate "2009.??.??"]
[SourceDate "2001.01.01"]

1. d4 Nf6 2. c4 e6 3. Nc3 Bb4 4. Qc2 O-O 5. e4 d5 6. e5 Ne4 7. Bd3 c5 8. Nge2
cxd4 9. Nxd4 Nd7 10. Nf3 Ndc5 11. O-O Bxc3 12. bxc3 Qa5 13. cxd5 exd5 14. Be3
Nxd3 15. Qxd3 Be6 16. Bd4 Rfc8 17. Rfc1 b6 18. Nh4 Rc4 19. f3 Nc5 20. Qe3 Rc8
21. f4 Ne4 22. f5 Nxc3 23. Bxc3 Rxc3 24. fxe6 fxe6 25. Rxc3 Rxc3 26. Qf2 h6 27.
Nf3 Qa3 28. Rf1 Rc1 29. Rxc1 Qxc1+ 30. Qe1 Qc5+ 31. Kh1 Qc4 32. Qa1 Qe2 33. h3
b5 34. a3 Qe3 35. Qb2 a6 36. Qb4 Qc1+ 37. Kh2 Qe3 38. Qd6 Qf4+ 39. Kg1 Qe3+ 40.
Kf1 Qd3+ 41. Kf2 Qc2+ 42. Kg3 1-0